00487nam a2200145 a 450000100100000000500170001000800410002702000180006804000250008608200150011110000350012624500850016126000740024630000210032000003228920200930063606.0110714s2012 dr 000 0 spa d a9789945006292 aDO-SdBNPbspacBNPHU axxxxbxxxx1 aOrtíz Pujols, Yeyscol Miguel10aDesde la claridad de los sentimientos oscuros /cYeyscol Miguel Ortíz Pujolsv. aSan José de Ocoa, República Dominicana :bAmigo del hogar,c2012. a235 p. ;c22 cm.